Park : (Record no. 7961)

MARC details
000 -LEADER
fixed length control field 00722nam a22002177a 4500
001 - CONTROL NUMBER
control field 7961
003 - CONTROL NUMBER IDENTIFIER
control field FISKH
005 - DATE AND TIME OF LATEST TRANSACTION
control field 20250815103738.0
008 - FIXED-LENGTH DATA ELEMENTS--GENERAL INFORMATION
fixed length control field 250815b cb ||||| |||| 00| 0 eng d
020 ## - INTERNATIONAL STANDARD BOOK NUMBER
International Standard Book Number 9780312508357
040 ## - CATALOGING SOURCE
Original cataloging agency FISKH
Language of cataloging eng
Transcribing agency FISKH
Modifying agency FISKH
050 ## - LIBRARY OF CONGRESS CALL NUMBER
Classification number SB481.3 .P37
082 ## - DEWEY DECIMAL CLASSIFICATION NUMBER
Classification number 333.78
100 ## - MAIN ENTRY--PERSONAL NAME
Personal name Priddy, Roger
245 ## - TITLE STATEMENT
Title Park :
Remainder of title A lift-the-flap shadow book /
300 ## - PHYSICAL DESCRIPTION
Extent 14 unnumbered pages :
Other physical details color illustrations ;
Dimensions 14 cm
505 ## - FORMATTED CONTENTS NOTE
Formatted contents note NP<br/>
520 ## - SUMMARY, ETC.
Summary, etc. What does this shadow belong to? Children will have great fun lifting the flaps to find out Underneath each shadow flap is a full-colour photograph of an object you can see in the park.<br/>
942 ## - ADDED ENTRY ELEMENTS (KOHA)
Source of classification or shelving scheme Dewey Decimal Classification
Koha item type Books
Suppress in OPAC No
Holdings
Withdrawn status Lost status Source of classification or shelving scheme Damaged status Not for loan Collection Home library Current library Shelving location Date acquired Total Checkouts Full call number Barcode Date last seen Copy number Price effective from Koha item type
    Dewey Decimal Classification     Non-Fiction Footprints International School Library Network Toul Kork Campus Footprints International School Library Network Toul Kork Campus TK Primary Library Room(4th Floor), Bookcase 7, Shelves 57-60, Dark Green Books 08/15/2025   PRI 333.78 SB481.3 .P37 FISTK02851 08/15/2025 1 08/15/2025 Books